Dostupnosť primeraného bývania v Slovenskej republike

Dostupnosť bývania je determinant, ktorý vyjadruje ekonomickú a sociálnu kvalitu, preto cieľom bytovej politiky ako súčasti hospodárskej politiky štátu, musí vytvárať podmienky na primerané bývanie pre všetkých obyvateľov a všetky domácnosti, pre dlhodobú dostupnosť bývania pre všetky sociálne skupi...

Full description

Saved in:
Bibliographic Details
Main Author: Vidová, Jarmila, 1967-
Format: Book Chapter
Language:Slovak
Subjects:
Tags: Add Tag
No Tags, Be the first to tag this record!

MARC

LEADER 00000nla a2200000 4500
001 0236454
005 20260205070258.9
041 0 |a slo 
044 |a SK 
245 1 0 |a Dostupnosť primeraného bývania v Slovenskej republike  |c Jarmila Vidová 
520 |a Dostupnosť bývania je determinant, ktorý vyjadruje ekonomickú a sociálnu kvalitu, preto cieľom bytovej politiky ako súčasti hospodárskej politiky štátu, musí vytvárať podmienky na primerané bývanie pre všetkých obyvateľov a všetky domácnosti, pre dlhodobú dostupnosť bývania pre všetky sociálne skupiny obyvateľstva. Pri riešení všetkých úloh, ktoré treba riešiť, je veľmi dôležitá spolupráca medzi verejným, súkromným a mimovládnym sektorom na všetkých úrovniach rozhodovania. Analýza bytovej výstavby, dostupnosti bývania na Slovensku prostredníctvom vybraných ukazovateľov. 
610 2 0 |a politika bytová 
610 2 0 |a Slovensko 
610 2 0 |a úver hypotekárny 
610 2 0 |a výstavba bytová 
610 2 0 |a politika hospodárska 
100 1 |a Vidová, Jarmila, 1967-